Nightmare Abbey Crotchet Castle
Збережено в:
| Автор: | |
|---|---|
| Формат: | Книга |
| Мова: | Undetermined |
| Опубліковано: |
England
Penguin Classic
1986
|
| Предмети: | |
| Теги: |
Додати тег
Немає тегів, Будьте першим, хто поставить тег для цього запису!
|
MARC
| LEADER | 00000nam a2200000Ia 4500 | ||
|---|---|---|---|
| 008 | 170316s9999 xx 000 0 und d | ||
| 040 | |a cru BVZT | ||
| 090 | |a 820 P-2.1n | ||
| 100 | |a Peacock, Thomas Love | ||
| 245 | |a Nightmare Abbey Crotchet Castle | ||
| 260 | |a England | ||
| 260 | |b Penguin Classic | ||
| 260 | |c 1986 | ||
| 300 | |a 283 páginas | ||
| 650 | |a LITERATURA INGLESA | ||
| 999 | |c 7046 |d 7046 | ||
| 942 | |c 15 D |h 820 P-2.1n |2 z | ||
